000
00443nam a2200145Ia 4500
008
260520s2026 xx 000 0 und d
041
_a
mar
082
_a
294.5925/TAN
100
_a
तांदळे, ज्ञानेश्वर
245
_a
श्री गरुडपुराण
260
_a
पुणे
_b
मे शारदा साहित्य
_c
2026
300
_a
256p.
500
_a
Cat No: 15260
650
_a
RELIGION
999
_c
1222260
_d
1222260